| 000 | 00564cam a22002052a 4500 | ||
|---|---|---|---|
| 001 | 009044 | ||
| 003 | AR-FADEU | ||
| 008 | 311216n1971####xxu####################dd | ||
| 092 |
_a408.9 _bA636a |
||
| 245 | _aANTROPOLOGIA social y lenguaje | ||
| 260 | _aBuenos Aires | ||
| 260 | _bPaidós | ||
| 260 | _c1971 | ||
| 300 | _a169 p | ||
| 440 |
_aBiblioteca de lingüística y semiología _n6 |
||
| 500 | _aIncluye referencias bibliográficas | ||
| 700 | _aEdwin, Ardener, comp. | ||
| 650 | _a/LINGUISTICA/LINGUISTICA ANTROPOLOGICA/REVISADO/ | ||
| 942 | _cBDGR | ||
| 999 |
_c14844 _d14844 |
||